Score 0/30 Timer 03:00
0 Plays Today
Clue 4-Letter Word % Correct
'... happily ___ after.'EVER
98.8%
Not underOVER
97.5%
Kitchen baking locationOVEN
97.3%
'Never ___ Kissed' with Michael VartanBEEN
96.6%
Farm buildingBARN
96.5%
'You ain't ___ nothing yet.'SEEN
95.9%
Find a new employeeHIRE
94.8%
Notify someone of dangerWARN
94.7%
'From ___ to Eternity'HERE
94.4%
A collection of cattleHERD
93.5%
Capital of SwitzerlandBERN
93.2%
Passed awayDIED
91.9%
+PLUS
90.3%
Scandinavian name meaning 'young man or warrior'SVEN
89.1%
A stopper for a holePLUG
88%
Clue 4-Letter Word % Correct
A slimy garden pestSLUG
87.3%
The ___ Piper of HamelinPIED
87.2%
Flexible metallic threadWIRE
82.7%
An animal skinHIDE
82.3%
The name of 12 different popesPIUS
79.8%
An intangible marketable commodityWARE
79.6%
Shoo-fly and Apple, e.g.PIES
79.1%
With [Rung 1] and [Rung 30], 1999 Cruise/Kidman film directed by KubrickWIDE
78.5%
Very self-satisfiedSMUG
78.1%
Actress Arden and Plumb, e.g.EVES
77.4%
Pay attentionHEED
77.1%
Feat or exploitDEED
76.2%
With [Rung 14] and [Rung 30], 1999 Cruise/Kidman film directed by KubrickEYES
75.1%
With [Rung 1] and [Rung 14], 1999 Cruise/Kidman film directed by KubrickSHUT
73.2%
Obscene materialsSMUT
73.2%

Today's Daily Dose

Remove Ads.
Support Sporcle.
Get the best of Sporcle when you Go Orange. This ad-free experience offers more features, more stats, and more fun while also helping to support Sporcle. Thank you for becoming a member.

You're not logged in!

Compare scores with friends on all Sporcle quizzes.
OR
Log In

Show Comments

Extras

Top Quizzes Today


Score Distribution

Your Account Isn't Verified!

In order to create a playlist on Sporcle, you need to verify the email address you used during registration. Go to your Sporcle Settings to finish the process.

Report this User

Report this user for behavior that violates our Community Guidelines.

Details: